<?xml version="1.0" encoding="UTF-8"?>
<record
    xmlns:xsi="http://www.w3.org/2001/XMLSchema-instance"
    xsi:schemaLocation="http://www.loc.gov/MARC21/slim http://www.loc.gov/standards/marcxml/schema/MARC21slim.xsd"
    xmlns="http://www.loc.gov/MARC21/slim">

  <leader>01304nam a22002417a 4500</leader>
  <controlfield tag="003">OSt</controlfield>
  <controlfield tag="005">20180927091743.0</controlfield>
  <controlfield tag="008">180220b        xxu||||| |||| 00| 0 spa d</controlfield>
  <datafield tag="020" ind1=" " ind2=" ">
    <subfield code="a">9505690533</subfield>
  </datafield>
  <datafield tag="040" ind1=" " ind2=" ">
    <subfield code="c">PJ</subfield>
  </datafield>
  <datafield tag="100" ind1=" " ind2=" ">
    <subfield code="9">2386</subfield>
    <subfield code="a">Gonz&#xE1;lez, Atilio Carlos</subfield>
  </datafield>
  <datafield tag="245" ind1="1" ind2="3">
    <subfield code="a">La intervenci&#xF3;n voluntaria de terceros en el proceso /</subfield>
    <subfield code="c">Atilio Carlos Gonz&#xE1;lez; pr&#xF3;logo de Carlos E. Finochietto.</subfield>
  </datafield>
  <datafield tag="260" ind1=" " ind2=" ">
    <subfield code="a">Buenos Aires :</subfield>
    <subfield code="c">&#xC1;baco de Rodolfo Depalma,</subfield>
    <subfield code="b">1994.</subfield>
  </datafield>
  <datafield tag="300" ind1=" " ind2=" ">
    <subfield code="a">113 p.</subfield>
    <subfield code="c">23 cm.</subfield>
  </datafield>
  <datafield tag="500" ind1=" " ind2=" ">
    <subfield code="a">Notas y citas bibliogr&#xE1;ficas a pie de p&#xE1;gina.</subfield>
  </datafield>
  <datafield tag="504" ind1=" " ind2=" ">
    <subfield code="a">Bibliograf&#xED;a: p. 109-113.</subfield>
  </datafield>
  <datafield tag="505" ind1=" " ind2=" ">
    <subfield code="a">Contenido:
Introducci&#xF3;n al tema -- La intervenci&#xF3;n voluntaria de terceros --La intervenci&#xF3;n principal o excluyente -- La intervenci&#xF3;n adhesiva simple, dependiente o coadyuvante -- La intervenci&#xF3;n adhesiva aut&#xF3;noma o litisconsorcial -- S&#xED;stesis acomparativa entre los upuestos de intervenci&#xF3;n de terceros principal y adhesiva -- Supuesto at&#xED;pico de formaci&#xF3;n del litisconsorcio facultativo -- La regulaci&#xF3;n legislativa de la intervenci&#xF3;n voluntaria de terceros.</subfield>
  </datafield>
  <datafield tag="650" ind1=" " ind2="0">
    <subfield code="9">1148</subfield>
    <subfield code="a">DERECHO PROCESAL CIVIL</subfield>
  </datafield>
  <datafield tag="650" ind1=" " ind2="0">
    <subfield code="9">2362</subfield>
    <subfield code="a">PARTES DEL PROCESO</subfield>
  </datafield>
  <datafield tag="650" ind1=" " ind2="0">
    <subfield code="9">2363</subfield>
    <subfield code="a">INTERVENCI&#xD3;N DE TERCEROS</subfield>
  </datafield>
  <datafield tag="700" ind1=" " ind2=" ">
    <subfield code="9">2387</subfield>
    <subfield code="a">Finochietto, Carlos E.</subfield>
  </datafield>
  <datafield tag="942" ind1=" " ind2=" ">
    <subfield code="2">udc</subfield>
    <subfield code="c">LIB</subfield>
    <subfield code="h">347.921.3</subfield>
    <subfield code="i">GON</subfield>
  </datafield>
  <datafield tag="999" ind1=" " ind2=" ">
    <subfield code="c">1564</subfield>
    <subfield code="d">1564</subfield>
  </datafield>
  <datafield tag="952" ind1=" " ind2=" ">
    <subfield code="0">0</subfield>
    <subfield code="1">0</subfield>
    <subfield code="2">udc</subfield>
    <subfield code="4">0</subfield>
    <subfield code="7">0</subfield>
    <subfield code="a">DJS</subfield>
    <subfield code="b">DJS</subfield>
    <subfield code="d">2018-09-27</subfield>
    <subfield code="o">347.921.3 GON</subfield>
    <subfield code="p">0455</subfield>
    <subfield code="r">2018-09-27</subfield>
    <subfield code="w">2018-09-27</subfield>
    <subfield code="y">LIB</subfield>
  </datafield>
</record>
